LEADER 00800nas 22002893 450 001 9910141851203321 005 20191114125355.4 035 $a(OCoLC)855372817 035 $a(CKB)2670000000416547 035 $a(CONSER)--2013202033 035 $a(EXLCZ)992670000000416547 100 $a20130809a20139999 --- a 101 0 $aeng 135 $aur||||||||||| 181 $ctxt$2rdacontent 182 $cc$2rdamedia 183 $acr$2rdacarrier 200 10$aAdvances in bioscience and bioengineering 210 1$aNew York, NY :$cScience Publishing Group,$d2013- 311 $a2330-4162 517 1 $aABB 531 0 $aAdv. biosci. bioeng. 676 $a570 906 $aJOURNAL 912 $a9910141851203321 996 $aAdvances in bioscience and bioengineering$92272830 997 $aUNINA LEADER 04215nam 2200901 a 450 001 996571867103316 005 20230721032336.0 010 $a0-8147-2782-4 010 $a0-8147-2850-2 010 $a81-472-7824-1 024 7 $a10.18574/nyu/9780814728505 035 $a(CKB)1000000000488620 035 $a(EBL)865446 035 $a(OCoLC)779828077 035 $a(SSID)ssj0000100079 035 $a(PQKBManifestationID)11128255 035 $a(PQKBTitleCode)TC0000100079 035 $a(PQKBWorkID)10016795 035 $a(PQKB)10102470 035 $a(MiAaPQ)EBC865446 035 $a(OCoLC)233536220 035 $a(MdBmJHUP)muse10832 035 $a(Au-PeEL)EBL865446 035 $a(CaPaEBR)ebr10268967 035 $a(DE-B1597)547208 035 $a(DE-B1597)9780814728505 035 $a(EXLCZ)991000000000488620 100 $a20071204d2008 uy 0 101 0 $aeng 135 $aurcn||||||||| 181 $ctxt 182 $cc 183 $acr 200 00$aAfter the war on crime$b[electronic resource] $erace, democracy, and a new reconstruction /$fedited by Mary Louise Frampton, Ian Haney Lo?pez, and Jonathan Simon 210 $aNew York $cNew York University Press$dc2008 215 $a1 online resource (244 p.) 300 $aDescription based upon print version of record. 311 $a0-8147-2761-1 311 $a0-8147-2760-3 320 $aIncludes bibliographical references and index. 327 $aContents; Introduction; Part I: Crime, War, and Governance; The Place of the Prison in the New Government of Poverty; America Doesn't Stop at the Rio Grande: Democracy and the War on Crime; From the New Deal to the Crime Deal; The Great Penal Experiment: Lessons for Social Justice; Part II: A War-Torn Country: Race, Community, and Politics; The Code of the Streets; The Contemporary Penal Subject(s); The Punitive City Revisited: The Transformation of Urban Social Control; Frightening Citizens and a Pedagogy of Violence; Part III: A New Reconstruction; Smart on Crime 327 $aRebelling against the War on Low-Income, of Color, and Immigrant Communities Of Taints and Time: The Racial Origins and Effects of Florida's Felony Disenfranchisement Law; The Politics of the War against the Young; Transformative Justice and the Dismantling of Slavery's Legacy in Post-Modern America; Afterword: Strategies of Resistance; Contributors; Index 330 $aSince the 1970's, Americans have witnessed a pyrrhic war on crime, with sobering numbers at once chilling and cautionary. Our imprisoned population has increased five-fold, with a commensurate spike in fiscal costs that many now see as unsupportable into the future. As American society confronts a multitude of new challenges ranging from terrorism to the disappearance of middle-class jobs to global warming, the war on crime may be up for reconsideration for the first time in a generation or more. Relatively low crime rates indicate that the public mood may be swinging toward declaring victory a... 606 $aCrime$xGovernment policy$zUnited States 606 $aCrime$xPolitical aspects$zUnited States 606 $aCriminal justice, Administration of$zUnited States 606 $aDiscrimination in criminal justice administration$zUnited States 610 $aAfter. 610 $aCrime. 610 $aDespite. 610 $abeyond. 610 $adangerous. 610 $adeclare. 610 $aimpact. 610 $ainaccurate. 610 $aincident. 610 $aover. 610 $arates. 610 $areaches. 610 $areveals. 610 $astatistics. 610 $athat. 610 $athis. 615 0$aCrime$xGovernment policy 615 0$aCrime$xPolitical aspects 615 0$aCriminal justice, Administration of 615 0$aDiscrimination in criminal justice administration 676 $a364.973 701 $aFrampton$b Mary Louise$01461726 701 $aHaney-Lo?pez$b Ian$01461727 701 $aSimon$b Jonathan$0610279 801 0$bMiAaPQ 801 1$bMiAaPQ 801 2$bMiAaPQ 906 $aBOOK 912 $a996571867103316 996 $aAfter the war on crime$93670398 997 $aUNISA LEADER 04380nam 2200697 a 450 001 9910830936803321 005 20230617034237.0 010 $a1-280-67566-7 010 $a9786613652591 010 $a1-118-40806-3 010 $a1-118-40807-1 035 $a(CKB)2670000000175459 035 $a(EBL)892201 035 $a(SSID)ssj0000638469 035 $a(PQKBManifestationID)11376084 035 $a(PQKBTitleCode)TC0000638469 035 $a(PQKBWorkID)10726866 035 $a(PQKB)11586099 035 $a(MiAaPQ)EBC892201 035 $a(OCoLC)796001719 035 $a(EXLCZ)992670000000175459 100 $a20050504d2005 uy 0 101 0 $aeng 135 $aur|n|---||||| 181 $ctxt 182 $cc 183 $acr 200 10$aMelt chemistry, relaxation, and solidification kinetics of glasses$b[electronic resource] $eproceedings of the 106th Annual Meeting of the American Ceramic Society : Indianapolis, Indiana, USA (2004) /$feditors, Hong Li ... [et al.] 210 $aWesterville, Ohio $cAmerican Ceramic Society$dc2005 215 $a1 online resource (260 p.) 225 1 $aCeramic transactions ;$vv. 170 300 $aDescription based upon print version of record. 311 $a1-57498-191-9 320 $aIncludes bibliographical references and indexes. 327 $aMelt Chemistry, Relaxation, and Solidification Kinetics of Glasses; Contents; Preface; Melt chemistry, Structure, and Properties; High-Temperataure Raman Spectroscopy of Alkali Silicate Glass Melts*; Control of Liquid Properties and Structure via Melt Chemistry*; Calorimetric Studies of the Structural Heterogeneity of Silicate Liquids*; Anisotropic Alkali Silicate Glasses by Frozen-In Strain*; Amorphous Materials Engineering: Designing Structure in Liquid and Glassy Metal-Halide Networks*; Structure of Glass-Forming Melts-Lanthanide in Borosilicates 327 $aModified Associate Species Approach to Phase Equilibria Prediction for Oxide Glass SystemsRelaxation Phenomena; Structural Influences on the Dynamic Light Scattering from Glassforming Liquids; Harmonization of Viscosimetric and Thermodynamic Data for Industrial Multi-Component Glasses and Glass Melts*; Mechanical Spectroscopy of Natural and Synthetic Silicate Glasses and Melts; Improved Composition-Property Relations in Silicate Glasses, Part I: Viscosity; Nuoleation and Crystallization; Coupled Processes in Nucleation*; Sintering Kinetics of Crystallizing Glass Particles. A Review* 327 $aDesign of Energy and Environmentally Friendly Fiberglass Compositions Derived from the Quaternary SiO2-Al2O3-CaO-MgO Phase Diagram - Part I: Structures, Properties, and Crystallization Potential of Eutectic and Selected Multi-Oxide E-Glass Compositions*Some Aspects of Glass and Glass Ceramics Formation of Stoichiometric Compositions in the RO-Al2O3-B2O3 Systems; Crystallization of a Li2O-2SiO2 Glass Under High Hydrostatic Pressures; Effect of Isomorphic Substitutions on Crystallization of Mica and Amphibole Phases in Glasses of the System SiO2-Al2O3-B2O3-CaO-MgO-Li2O-(K,Na)2O-F 327 $aProperties of Glass-Ceramics Synthesized from Hydrometallurgical Zinc WasteAuthor Index; Keyword Index 330 $aThis volume will summarize the most recent development in experimentation, computation, and theory on chemistry of glass forming melt, including melt structure modeling and melt structure and characterizations. This volume provides a timely update on the advances in glass basic science research and development. 410 0$aCeramic transactions ;$vv. 170. 606 $aGlass$vCongresses 606 $aGlass manufacture$vCongresses 606 $aHigh temperature chemistry$vCongresses 606 $aSolidification$vCongresses 606 $aRelaxation phenomena$vCongresses 615 0$aGlass 615 0$aGlass manufacture 615 0$aHigh temperature chemistry 615 0$aSolidification 615 0$aRelaxation phenomena 676 $a666.1042 676 $a666/.1042 701 $aLi$b Hong$0871407 712 02$aAmerican Ceramic Society.$bMeeting$d(106th :$f2004 :$eIndianapolis, Ind.) 801 0$bMiAaPQ 801 1$bMiAaPQ 801 2$bMiAaPQ 906 $aBOOK 912 $a9910830936803321 996 $aMelt chemistry, relaxation, and solidification kinetics of glasses$92074313 997 $aUNINA